|
|
|
|
| LEADER |
00833cam a2200277 7i4500 |
| 001 |
0000018939 |
| 005 |
20200824090000.0 |
| 005 |
##20200824135500.0 |
| 003 |
##MY-KlINT |
| 008 |
20151102009 my d g 0 f may d |
| 020 |
# |
# |
|a 9789833880461
|
| 039 |
# |
9 |
|a 202008241355
|b rozila
|c 201902111105
|d Amir
|c 201902111031
|d Amir
|c 201902081634
|d rozila
|y 201511041220
|z VLOAD
|
| 040 |
# |
# |
|a INTS
|
| 082 |
0 |
0 |
|a 899.2333
|
| 090 |
0 |
0 |
|a MF
|b PUT
|
| 090 |
0 |
0 |
|a 899.2333
|b PUT
|
| 100 |
1 |
# |
|a Puteri Imaneisya
|e author
|
| 245 |
1 |
0 |
|a Kasih Ini Milik Kita /
|c Puteri Imaneisya.
|
| 264 |
# |
0 |
|a Kuala Lumpur
|b Fajar Pakeer Sdn. Bhd
|c 2009
|
| 300 |
# |
# |
|a 715 pages;
|c 19cm.
|
| 336 |
# |
# |
|a text
|2 rdacontent
|
| 337 |
# |
# |
|a unmediated
|2 rdamedia
|
| 338 |
# |
# |
|a volume
|2 rdacarrier
|
| 583 |
# |
# |
|a LULUS
|
| 650 |
# |
0 |
|a Malaysian fiction (Malay)
|
| 650 |
# |
0 |
|a Malay fiction
|